00609nam a2200169 a 450000100100000000500170001000800410002704000250006808200300009311000270012324000180015024500840016826000360025230000210028865000600030971000700036900001383820200929163352.0091130s19uu dr 000 0 spa d aDO-SdBNPbspacBNPHU a344.729302bR426L, [19--]1 aRepública Dominicana13a[Leyes, etc.]10aLey num. 1896, sobre seguros sociales con sus enmiendas y disposiciones afines. aSanto Domingo :bIDSS,c[19--]. a101 p. ;c25 cm. 4aSeguridad socialxLegislaciónzRepública Dominicana22aInstituto Dominicano de Seguros Sociales (República Dominicana)